000 01466cam a2200421 4500
999 _c23315
_d23315
001 vtls011875821
005 20220928133532.0
008 210624s2019 xo gr 010 f slo
020 _a9788089822331
_q(viazané)
035 _aurn:nbn:sk:snk-am00edek
035 _aurn:nbn:sk:snk-am3igpp
035 _a13A5BC4B-E028-4828-AC8D-CC0FCE6F1EC1
040 _aPPPK
_bslo
_cPPPK
_dSNK
_erda
041 1 _aslo
_heng
044 _axo
_cSK
072 7 _a821.111(73)-3
_xAmerická próza
_2konspekt
080 _a821.111(73)-31
_22011
080 _a(0:82-311.6)
_22011
100 1 _aCambron, Kristy,
_d1979-
_4aut
_93315
240 1 4 _aThe butterfly and the violin
_lSlovensky
245 1 0 _aMotýľ a husle
_cKristy Cambronová ; preklad z anglického originálu The butterfly and the violin: Zuzana Vengliková
250 _aPrvé vydanie
264 1 _a[Spišské Hanušovce]
_bi527.net
_c2019
300 _a307 strán
_c21 cm
336 _atext
_btxt
_2rdacontent
337 _abez média
_bn
_2rdamedia
338 _azväzok
_bnc
_2rdacarrier
500 _aObsahuje biografické údaje o autorke
500 _aMiesto vydania podľa NA ISBN
500 _aÚdaje o sérii prevzaté z externého zdroja
655 7 _aamerické romány
_2SNKPH
_92
655 7 _aAmerican novels
_2SNKPHeng
_91670
655 7 _avojnové romány
_2SNKPH
_93067
655 7 _aWar novels
_2SNKPHeng
_93068
700 1 _aVengliková, Zuzana
_4trl
_93316
958 _aLX
958 _aUP